Statistics for המדינות הקרובות ביותר לישראל

Click here to take the quiz!

General Stats

  • This quiz has been taken 3 times
  • The average score is 4 of 20

Answer Stats

ק"ממדינה% Correct
0לבנון
100%
16ערב הסעודית
67%
285טורקיה
33%
1082אזרבייג'אן
33%
0מִצְרַיִם
33%
723יָוָן
33%
833סודאן
33%
0סוּריָה
33%
0פלשתינה
33%
0יַרדֵן
33%
228קַפרִיסִין
0%
291עִירַאק
0%
834לוב
0%
906אִירָן
0%
1047אַרְמֶנִיָה
0%
1057גאורגיה
0%
1093כווית
0%
1169בולגריה
0%
1188רוּסִיָה
0%
1314רומניה
0%

Score Distribution

Percentile by Number Answered

Percent of People with Each Score

Your Score History

You have not taken this quiz